Statistics for Horror Movie Characters

Click here to take the quiz!

General Stats

  • This quiz has been taken 62 times
  • The average score is 23 of 45

Answer Stats

HintAnswer% Correct
The Original Killer DollChucky
100%
Travels in your dreamsFreddy Krueger
94%
Friday the 13thJason Voorhees
92%
The original VampireDracula
88%
Made a massacre in TexasLeatherface
85%
ITPennywise
85%
Do not "Scream"Ghostface
83%
In space, no one can hear
you scream
Xenomorph/Alien
83%
Rhymes with what he is,
Cannibal
Hannibal Lecter
81%
A big sharkJaws
81%
Every Halloween...Michael Myers
81%
Say it 5 times in front of a
mirror
Candyman
79%
Character from "Hellraiser"Pinhead
77%
Here's JohnnyJack Torrance
75%
A full moon can change his
appearance
Wolf Man/Werewolf
71%
Paranormal DollAnnabelle
67%
King of the MonstersGodzilla
67%
King if the ApesKing Kong
65%
It's alive!Frankenstein's Monster
60%
Don't feed them after
midnight
Gremlins
60%
TerrifierArt The Clown
58%
A real PsychoNorman Bates
54%
OperaThe Phantom
50%
The American PsychoPatrick Bateman
48%
The RingSamara
46%
The famous killer doll's
girlfriend
Tiffany Valentine
44%
People infected by a VirusZombie
44%
Punishes CriminalsJigsaw
42%
Where did you get those
Peepers? Where did you
eyes?
Jeepers Creepers
38%
Dr. Henry JekyllMr. Hyde
38%
What a "Misery"Annie Wilkes
35%
An Exterrestial WarriorPredator
33%
a parasitic extraterrestrial
life-form that imitates people
The Thing
33%
From "The Exorcist"Regan MacNeil
29%
The personification of evilThe Devil
27%
You can't see him comingThe Invisible Man
25%
The new killer robotM3GAN
23%
Don't say it 3 timesBeetlejuice
19%
Wife of "The Monster"The Bride of Frankenstein
19%
famous urban legendSlender man
15%
The Creature from the Black
Lagoon
Gill-man
8%
Cursed high priest with
supernatural powers
The Mummy
8%
You have to hide in "A
Quiet Place"
Death angels
4%
Pan's LabyrinthPale-Man
4%
An UFO with lifeJean Jacket
2%

Score Distribution

Percentile by Number Answered

Percent of People with Each Score

Your Score History

You have not taken this quiz